The acquisition and development of language
Wedi'i Gadw mewn:
| Prif Awdur: | |
|---|---|
| Fformat: | Llyfr |
| Iaith: | Saesneg |
| Cyhoeddwyd: |
Englewood Cliffs
Prentice-Hall
1971
|
| Cyfres: | The Prentice-Hall Series in Developmental Psychology
|
| Pynciau: | |
| Tagiau: |
Ychwanegu Tag
Dim Tagiau, Byddwch y cyntaf i dagio'r cofnod hwn!
|
MARC
| LEADER | 00000nam a2200000 a 4500 | ||
|---|---|---|---|
| 001 | UCW8066 | ||
| 003 | CL-VaPUC | ||
| 008 | 880502e19710000US |||||||||||||||||eng|d | ||
| 082 | 0 | 4 | |a 425 |b MEN |2 21 |
| 100 | |a Menyuk, Paula |e autora |9 523182 | ||
| 245 | 1 | 4 | |a The acquisition and development of language |
| 300 | |a 285 p | ||
| 942 | |c BK | ||
| 945 | |d 19880502 00:00:00 | ||
| 260 | |a Englewood Cliffs |b Prentice-Hall |c 1971 | ||
| 650 | 7 | |a LENGUAJE DE LOS NIÑOS |2 CL-VaPUC |9 307440 | |
| 650 | 0 | |a Lingüística |9 265068 | |
| 650 | 0 | |a Inglés - Sintaxis |9 313177 | |
| 650 | 0 | |a inglés - Semántica |9 313178 | |
| 650 | 7 | |a INGLES FONETICA |2 CL-VaPUC |9 313179 | |
| 650 | 7 | |a INGLES GRAMATICA |2 CL-VaPUC |9 313180 | |
| 583 | |a last modification |c 20120606 10:44:45 |k Rodrigo Vera | ||
| 490 | 0 | |a The Prentice-Hall Series in Developmental Psychology | |
| 999 | |c 220559 |d 220557 | ||
| 952 | |0 0 |1 0 |4 0 |6 425_000000000000000_MEN_1971 |7 0 |8 A |9 212976 |a FDOPOS |b FDOPOS |d 2019-11-15 |i 2812673 |o 425 MEN 1971 |p 2812673 |r 2025-01-22 |w 2019-11-15 |y BK |k MLA | ||
| 952 | |0 0 |1 0 |4 0 |6 425_000000000000000_MEN_1971 |7 0 |8 A |9 212977 |a FDOPOS |b FDOPOS |d 2019-11-15 |i 4361245 |o 425 MEN 1971 |p 4361245 |r 2025-01-22 |w 2019-11-15 |y BK |k MLA | ||